000 00574nam a22001817a 4500
005 20231121165939.0
010 _aENG-135532
020 _a978819034346
_c2500.00
035 _aEN-119064
037 _bDBAD/PUB
082 _a588.9954
100 _aK.M., Manjula
_958944
245 _aFissidentaceae(bryophyta) of the western ghats, India:
_cBy Manjula, K.M., Manju, C.N. [AND] Rajesh, K.P.
260 _aKerala
_bCRIKSC
_c2022
270 _bKerala
_aD-37, Jawahar Nagar, Kozhikode
300 _a449p.
_c23cm(pbk)
942 _2ddc
_cEN
_mK.M. M
_h588.9954
999 _c193368
_d193368